000 00296nam a22001457a 4500
003 SGT
082 _a618.92
_bC17S
100 _aSINGH, MEHRBAN
245 _aCARE OF THE NEWBORN
250 _a8TH
260 _aINDIA
_bCBS
_c2017
300 _a644
650 _aPEDIATRIC
942 _2ddc
_cBK
999 _c14681
_d14681